000 00644nam a2200205 a 4500
005 20140310183549.0
008 110930s19uu xx 00 eng d
020 _a9780240812113
050 _aPN 1992.8.A6
_b.Al42 2011
100 _aAlburger, James
245 _aThe art of voice acting :
_bthe craft and business of performing for voiceover /
_cJames R. Alburger.
250 _a4th ed.
260 _aAmsterdam :
_bElsevier,
_c2011.
300 _a409 p. :
_c25 cm.
521 _aMC
650 _aTelevesion announcing
_xVocational guidance
650 _aRadio announcing
_xVocational guidance
942 _cBK
_2lcc
_kFOR
999 _c24922
_d24922